| 000 | 00537nam a22001937a 4500 | ||
|---|---|---|---|
| 999 |
_c7638 _d7638 |
||
| 003 | OSt | ||
| 005 | 20220120172326.0 | ||
| 008 | 220120b ||||| |||| 00| 0 eng d | ||
| 020 | _a9780415544887 | ||
| 040 | _cDDC | ||
| 082 | _a320.54 JIN 2008 | ||
| 100 |
_aJimgh, Pritam _915624 |
||
| 245 |
_aFederalism,Nationalism and Development: _bIndia and the Punjab Economy |
||
| 260 |
_aNew York: _bRoutledge; _c2008, |
||
| 300 |
_axviii,223p.: _bill; _c24cm. |
||
| 504 | _aIncludes Index. | ||
| 650 |
_aNationalism. _915625 |
||
| 942 |
_2ddc _cBOOK |
||